| 000 | 00945nam a2200301 i 4500 | ||
|---|---|---|---|
| 003 | EG-GICUC | ||
| 005 | 20260429111012.0 | ||
| 008 | 260429s1906 enk |||fr|||| 00| 0 eng d | ||
| 040 |
_aEG-GiCUC _beng _cEG-GiCUC _dEG-GiCUC _erda |
||
| 082 | 0 | 4 |
_221 _a343.242 _bAT . R |
| 092 | 0 | 4 | _221 |
| 099 | _aLaw1 10 343.242 AT . R 1906 | ||
| 100 | 1 |
_aAttenborough, Charles L _eAuthor. |
|
| 245 | 1 | 4 |
_aThe Recovery of Stolen Goods and Goods Obtained by Fraud / _cBy Charles L. Attenborough. |
| 264 | 1 |
_aLondon : _bStevens and Haynes, _c1906. |
|
| 300 |
_a284 pages; _c24 cm. |
||
| 336 |
_2rda content _atext |
||
| 337 |
_2rda media _aComputer |
||
| 338 |
_2rda carrier _aOnline Resource |
||
| 500 | _aIndex | ||
| 546 | _aText in English | ||
| 650 | 1 |
_aHiding Stolen Items _2qrmak |
|
| 650 | 1 |
_aCriminal Law _2qrmak |
|
| 651 | 1 | _2qrmak | |
| 856 | 4 | 0 | _uhttps://fll.law.cu.edu.eg/fulltext/bks/B10-10348.pdf |
| 905 | _a54 | ||
| 942 |
_2ddc _cBK _e21 _n0 |
||
| 999 |
_c74111 _d74111 |
||